El siglo de las luces

Gardado en:
Detalles Bibliográficos
Autor Principal: Carpentier, Alejo (Author)
Formato: Libro
Idioma:Lingua castelá
Publicado: Barcelona Bruguera 1979
Edición:2a. ed
Series:Bruguera Libro Amigo
Subjects:
Tags: Engadir etiqueta
Sen Etiquetas, Sexa o primeiro en etiquetar este rexistro!

MARC

LEADER 00000nam a2200000 a 4500
001 UCT6553
003 CL-VaPUC
008 970113e19790000SP |||||||||||||||||spa|d
082 0 4 |a Cu863  |b CAR  |2 21 
100 0 |a Carpentier, Alejo  |e author  |9 317536 
245 1 3 |a El siglo de las luces 
250 |a 2a. ed 
300 |a 344 p 
942 |c BK 
945 |d 19970113 00:00:00  |a nastorga 
260 |a Barcelona  |b Bruguera  |c 1979 
650 0 |a Novelas cubanas  |9 268276 
583 |a last modification  |c 19970113 00:00:00  |k Rodrigo Vera 
490 0 |a Bruguera Libro Amigo 
999 |c 255242  |d 255240 
952 |0 0  |1 0  |4 0  |6 CU_863_000000000000000_CAR_1979  |7 0  |8 A  |9 277416  |a BIBEDU  |b BIBEDU  |d 2019-11-19  |i 3266052  |o Cu863 CAR 1979  |p 3266052  |r 2019-11-19  |w 2019-11-19  |y BK  |k LIT